Największe miasta na Podkarpaciu - Statystyki

Ogólne statystyki
  • Ten quiz został rozwiązany 361 razy
  • Średni wynik to 8 z 10
Statystyki odpowiedzi
Ludność 2017 Miasto % Poprawnych
194.886 Rzeszów
100%
60.999 Przemyśl
90%
46.369 Krosno
83%
60.799 Stalowa Wola
79%
37.381 Sanok
77%
60.366 Mielec
76%
46.907 Tarnobrzeg
74%
45.634 Dębica
73%
35.063 Jasło
68%
37.585 Jarosław
67%
Nie znaleziono quizów pasujących do podanych kryteriów
Rozkład punktacji
Procent ludzi z każdym wynikiem
Percentyl według liczby udzielonych odpowiedzi
Twoja historia wyników
Nie rozwiązałeś tego quizu